Statistiques concernant Arrêts du tramway de Lille

Cliquez ici pour prendre le quiz!

Statistiques générales

  • Ce quiz a été pris 10 fois
  • Le résultat moyen est 15 sur 36

Statistiques - réponses

LigneStations% Correct
LilleGare Lille Europe
88%
LilleGare Lille Flandres
88%
LilleRomarin
75%
LilleBotanique
63%
LilleCroisé Laroche
63%
TourcoingTourcoing Centre
63%
LilleBuisson
50%
TourcoingFaidherbe
50%
TourcoingMa Campagne
50%
TourcoingVictoire
50%
RoubaixWasquehal Pavé de Lille
50%
RoubaixAlfred Mongy
38%
RoubaixBol d'Air
38%
LilleBrossolette
38%
TourcoingChâteau Rouge
38%
LilleClemenceau Hippodrome
38%
TourcoingFoch
38%
RoubaixHôpital Victor Provo
38%
RoubaixJean Moulin
38%
RoubaixParc Barbieux
38%
RoubaixPont de Wasquehal
38%
RoubaixRoubaix Eurotéléport
38%
LilleSaint Maur
38%
TourcoingTrois Suisses
38%
RoubaixAcacias
25%
TourcoingCartelot
25%
TourcoingCerisaie Centre d'Affaires
25%
TourcoingGrand Cottignies
25%
RoubaixLa Marque
25%
RoubaixLa Terrasse
25%
TourcoingLe Quesne
25%
RoubaixLe Sart
25%
RoubaixPlanche Epinoy
25%
TourcoingPont Hydraulique
25%
TourcoingTriez
25%
RoubaixVilla Cavrois
25%

Distribution des résultats

Percentile par nombre de réponses

% des personnes avec chaque résultat

Votre développement - résultats

Vous n’avez pas pris ce quiz